<?xml version="1.0" encoding="UTF-8"?>
<record
    xmlns:xsi="http://www.w3.org/2001/XMLSchema-instance"
    xsi:schemaLocation="http://www.loc.gov/MARC21/slim http://www.loc.gov/standards/marcxml/schema/MARC21slim.xsd"
    xmlns="http://www.loc.gov/MARC21/slim">

  <leader>03765nam a2200565Ia 4500</leader>
  <controlfield tag="001">5237</controlfield>
  <controlfield tag="008">241029s9999    xx            000 0 und d</controlfield>
  <datafield tag="010" ind1=" " ind2=" ">
    <subfield code="a">4941</subfield>
  </datafield>
  <datafield tag="041" ind1=" " ind2=" ">
    <subfield code="a">Espa&#xF1;ol</subfield>
  </datafield>
  <datafield tag="082" ind1=" " ind2=" ">
    <subfield code="a">MA-DM-0016</subfield>
  </datafield>
  <datafield tag="245" ind1=" " ind2="0">
    <subfield code="a">Formaci&#xF3;n de los docentes en el uso de las tecnolog&#xED;as, en el proceso ense&#xF1;anza-aprendizaje del Algebra en el 1er. Grado, 1er. Ciclo del Nivel Medio, Distrito Educativo 10-05.  A&#xF1;o 2013-2014</subfield>
  </datafield>
  <datafield tag="260" ind1=" " ind2=" ">
    <subfield code="a">Santo Domingo</subfield>
  </datafield>
  <datafield tag="300" ind1=" " ind2=" ">
    <subfield code="a">77</subfield>
  </datafield>
  <datafield tag="520" ind1=" " ind2=" ">
    <subfield code="a">12</subfield>
  </datafield>
  <datafield tag="630" ind1=" " ind2=" ">
    <subfield code="a">Formaci&#xF3;n Profesional de Maestros</subfield>
  </datafield>
  <datafield tag="630" ind1=" " ind2=" ">
    <subfield code="a">Matem&#xE1;tica</subfield>
  </datafield>
  <datafield tag="630" ind1=" " ind2=" ">
    <subfield code="a">Proceso de Ense&#xF1;anza-Aprendizaje</subfield>
  </datafield>
  <datafield tag="630" ind1=" " ind2=" ">
    <subfield code="a">Tecnolog&#xED;a de la Informaci&#xF3;n y Comunicaci&#xF3;n (TICs)</subfield>
  </datafield>
  <datafield tag="630" ind1=" " ind2=" ">
    <subfield code="a">Tecnolog&#xED;a Educativa</subfield>
  </datafield>
  <datafield tag="650" ind1=" " ind2=" ">
    <subfield code="a">Matem&#xE1;tica</subfield>
  </datafield>
  <datafield tag="690" ind1=" " ind2=" ">
    <subfield code="a">Elaborado</subfield>
  </datafield>
  <datafield tag="700" ind1=" " ind2=" ">
    <subfield code="e">asesor</subfield>
    <subfield code="a">Byas, Roberto</subfield>
  </datafield>
  <datafield tag="700" ind1=" " ind2=" ">
    <subfield code="e">autor</subfield>
    <subfield code="a">Castro Thomas, Elmis Eleodonis</subfield>
  </datafield>
  <datafield tag="901" ind1=" " ind2=" ">
    <subfield code="a">{"1":"Castro Thomas"}</subfield>
    <subfield code="b">{"1":"Elmis Eleodonis"}</subfield>
  </datafield>
  <datafield tag="902" ind1=" " ind2=" ">
    <subfield code="a">1</subfield>
  </datafield>
  <datafield tag="903" ind1=" " ind2=" ">
    <subfield code="a">{"1":"Byas"}</subfield>
    <subfield code="b">{"1":"Roberto"}</subfield>
  </datafield>
  <datafield tag="904" ind1=" " ind2=" ">
    <subfield code="a">Maestr&#xED;a Profesionalizante en</subfield>
  </datafield>
  <datafield tag="905" ind1=" " ind2=" ">
    <subfield code="a">Did&#xE1;ctica de las Matem&#xE1;ticas</subfield>
  </datafield>
  <datafield tag="906" ind1=" " ind2=" ">
    <subfield code="a">2</subfield>
  </datafield>
  <datafield tag="907" ind1=" " ind2=" ">
    <subfield code="a">NO APLICA</subfield>
  </datafield>
  <datafield tag="908" ind1=" " ind2=" ">
    <subfield code="a">NO APLICA</subfield>
  </datafield>
  <datafield tag="909" ind1=" " ind2=" ">
    <subfield code="a">Universidad Aut&#xF3;noma de Santo Domingo (UASD)</subfield>
  </datafield>
  <datafield tag="910" ind1=" " ind2=" ">
    <subfield code="a">NULL</subfield>
    <subfield code="b">NULL</subfield>
  </datafield>
  <datafield tag="911" ind1=" " ind2=" ">
    <subfield code="a">["1"]</subfield>
  </datafield>
  <datafield tag="912" ind1=" " ind2=" ">
    <subfield code="a">NO APLICA</subfield>
  </datafield>
  <datafield tag="913" ind1=" " ind2=" ">
    <subfield code="a">NULL</subfield>
  </datafield>
  <datafield tag="914" ind1=" " ind2=" ">
    <subfield code="a">01 de Marzo de 2015</subfield>
  </datafield>
  <datafield tag="915" ind1=" " ind2=" ">
    <subfield code="a">10/03/17 04:03</subfield>
  </datafield>
  <datafield tag="916" ind1=" " ind2=" ">
    <subfield code="a">NULL</subfield>
  </datafield>
  <datafield tag="917" ind1=" " ind2=" ">
    <subfield code="a">NULL</subfield>
  </datafield>
  <datafield tag="918" ind1=" " ind2=" ">
    <subfield code="a">NO APLICA</subfield>
  </datafield>
  <datafield tag="919" ind1=" " ind2=" ">
    <subfield code="a">["109","135","163","296","191"]</subfield>
  </datafield>
  <datafield tag="520" ind1=" " ind2=" ">
    <subfield code="a">El objetivo principal de esta investigaci&#xF3;n consisti&#xF3; en determinar la formaci&#xF3;n de los docentes en el uso de las tecnolog&#xED;as, en el proceso ense&#xF1;anza-aprendizaje del &#xE1;lgebra en el 1er. Ciclo, 1er. Grado de la Educaci&#xF3;n Media, del Distrito 10-05, a&#xF1;o escolar 2013-2014. A la vez, identificar las herramientas tecnol&#xF3;gicas y los softwares que dominan los docentes que ense&#xF1;an Algebra en este grado.&#xA0; Esta investigaci&#xF3;n fue descriptiva, con la implementaci&#xF3;n de los m&#xE9;todos: inductivo-deductivo, presentando los resultados, mediante el uso del an&#xE1;lisis documental, la encuesta, el cuestionario, herramientas estad&#xED;sticas y la observaci&#xF3;n. La poblaci&#xF3;n estuvo conformada por los 20 docentes de media, que imparten la asignatura en el Distrito 10-05 de Boca Chica.Entre las principales conclusiones, se destac&#xF3; que el 95% de los docentes son licenciados/as y el 5% posee especialidad, lo que indica que est&#xE1; dentro del l&#xED;mite establecido para la mejora de la calidad de la educaci&#xF3;n. En cuanto a la actualizaci&#xF3;n acad&#xE9;mica, el 70% posee cursos como: actualizaci&#xF3;n did&#xE1;ctica, evaluaci&#xF3;n de los aprendizajes en un 20%, pero en el uso de las tecnolog&#xED;as de la informaci&#xF3;n y comunicaci&#xF3;n, solo el 50% est&#xE1; preparado. En cuanto a las herramientas y los software utilizados, los docentes simult&#xE1;neamente han ido integrando: el chat 5%, p&#xE1;gina wed 50% y videos un 45%.&#xA0; Existe mucha deficiencia en esta parte con las otras herramientas y software.&#xA0; El 45% de los docentes, domina regularmente los recursos tecnol&#xF3;gicos, lo que implica que est&#xE1; muy por debajo de lo normal.El estudio recomend&#xF3; al MINERD, conjuntamente con la regional, implementar un proceso de capacitaci&#xF3;n pedag&#xF3;gica y tecnol&#xF3;gica urgente en el &#xE1;rea de las Matem&#xE1;ticas, a la vez, facilitar computadoras y laptops a los maestros, para la integraci&#xF3;n con mayor eficacia de las Tics.&#xA0;El centro debe facilitar y optimizar los recursos tecnol&#xF3;gicos para que todos los docentes tengan acceso.&#xA0; Los maestros deben utilizar con mayor frecuencia, las herramientas tecnol&#xF3;gicas y software educativo matem&#xE1;tico, especialmente algebraicos. &#xA0;</subfield>
  </datafield>
  <datafield tag="921" ind1=" " ind2=" ">
    <subfield code="a">50</subfield>
  </datafield>
  <datafield tag="922" ind1=" " ind2=" ">
    <subfield code="a">50</subfield>
  </datafield>
  <datafield tag="923" ind1=" " ind2=" ">
    <subfield code="a">0</subfield>
  </datafield>
  <datafield tag="924" ind1=" " ind2=" ">
    <subfield code="a">NO APLICA</subfield>
  </datafield>
  <datafield tag="942" ind1=" " ind2=" ">
    <subfield code="c">Tesis</subfield>
  </datafield>
  <datafield tag="999" ind1=" " ind2=" ">
    <subfield code="c">4941</subfield>
    <subfield code="d">4941</subfield>
  </datafield>
</record>
